[Event "Santiago de Chile Constitucion op"]
[Site "Santiago de Chile"]
[Date "2020.02.22"]
[Round "1"]
[White "Merino Zurita, Hector"]
[Black "Barria Arbunic, Manuel"]
[Result "0-1"]
[WhiteElo "1335"]
[BlackElo "2034"]
[PlyCount "79"]
[EventDate "2020.02.22"]
[EventType "swiss"]
[EventRounds "6"]
[EventCountry "CHI"]
[SourceTitle "CBM 195 Extra"]
[Source "ChessBase"]
[SourceDate "2020.05.31"]
[SourceVersion "1"]
[SourceVersionDate "2020.05.31"]
[SourceQuality "1"]

1. e4 g6 2. d4 Bg7 3. Nf3 c5 4. c3 cxd4 5. cxd4 d5 6. e5 Nh6 7. Bb5+ Nc6 8. h3 0-0 9. 0-0 a6 10. Be2 e6 11. Bd2 Nf5 12. Bc3 f6 13. Re1 b5 14. b3 Qb6 15. Qd2 Rd8 16. Bd1 fxe5 17. Nxe5 Nfxd4 18. Nxc6 Nxc6 19. Bxg7 Kxg7 20. Bf3 Qd4 21. Qc3 Qxc3 22. Nxc3 Nd4 23. Bd1 Kf6 24. Ne2 Nxe2+ 25. Bxe2 Bb7 26. f3 e5 27. b4 Rac8 28. a4 Bc6 29. axb5 Bxb5 30. Bxb5 axb5 31. Ra5 d4 32. Rxb5 d3 33. Rc5 Ra8 34. Ra5 Rab8 35. b5 Rbc8 36. Rea1 Rc2 37. Rd1 Kf5 38. b6 Kf4 39. Ra4+ e4 40. fxe4 0-1

[Event "Lautaro U2200 1st"]
[Site "Lautaro"]
[Date "2013.10.13"]
[Round "5.4"]
[White "Merino Zurita, Hector"]
[Black "Castillo Rivera, Carlos Alberto"]
[Result "0-1"]
[WhiteElo "1614"]
[BlackElo "1628"]
[PlyCount "67"]
[EventDate "2013.10.12"]
[EventType "swiss"]
[EventRounds "6"]
[EventCountry "CHI"]
[SourceTitle "EXT 2024"]
[Source "ChessBase"]
[SourceDate "2023.10.10"]
[SourceVersion "1"]
[SourceVersionDate "2023.10.10"]
[SourceQuality "1"]

1. e4 c5 2. b3 Nc6 3. Nf3 d6 4. Bb5 Bd7 5. h3 Nf6 6. d3 g6 7. Bb2 Bg7 8. Qc1 Qa5+ 9. Nc3 Nxe4 10. b4 Qxb4 11. a3 Qxb2 12. 0-0 Qxc1 13. Bxc6 Qxc2 14. Bxd7+ Kxd7 15. Rac1 Qxd3 16. Rfd1 Qc4 17. Nxe4 Qxe4 18. Rxc5 Rac8 19. Rb5 a6 20. Rb4 Rc4 21. Rb3 b5 22. Re3 Qc2 23. Rde1 e6 24. Ng5 Bh6 25. h4 Rxh4 26. R3e2 Qxe2 27. Rxe2 Bxg5 28. g3 Ra4 29. f4 Bf6 30. Kg2 Rxa3 31. Kh3 h5 32. f5 exf5 33. Kg2 Rc8 34. Kh3 0-1